000 01229cam a22003494a 4500
001 12363191
003 OSt
005 20260213095207.0
008 010329s2001 ilu b 001 0 eng
010 _a 2001001912
020 _a1581342756
_qpbk. : alk. paper
020 _a9781581342758
_q(pbk. : alk. paper)
035 _a12363191
040 _aDLC
_cDLC
_dDLC
042 _apcc
050 0 0 _aBT103
_b.F45 2001
082 0 0 _a231
_221
100 1 _aFeinberg, John S.,
_d1946-
245 1 0 _aNo one like Him :
_bthe doctrine of God /
_cJohn S. Feinberg.
260 _aWheaton, Ill. :
_bCrossway Books,
_cc2001.
300 _a879 p. ;
_c23 cm.
336 _atext
_btxt
_2rdacontent
337 _aunmediated
_bn
_2rdamedia
338 _avolume
_bnc
_2rdacarrier
440 4 _aThe foundations of evangelical theology
504 _aIncludes bibliographical references and indexes.
650 0 _aGod (Christianity)
906 _a7
_bcbc
_corignew
_d1
_eecip
_f20
_gy-gencatlg
942 _2lcc
_cBK
999 _c21183
_d21182